[Event "46. Villa de Mislata - Magistral 2012"]
[Site "Mislata ESP"]
[Date "2012.08.13"]
[Round "1.1"]
[White "Castella Garcia, Fausto"]
[Black "Palencia, Wilson"]
[Result "1-0"]
[WhiteElo "2329"]
[BlackElo "2289"]
[PlyCount "63"]
[EventDate "2012.08.13"]
[EventType "tourn"]
[EventRounds "9"]
[EventCountry "ESP"]
[EventCategory "2"]
[Source "lmi"]
[SourceDate "2012.08.13"]

1. e4 d5 2. exd5 Qxd5 3. Nf3 Bg4 4. Be2 Nc6 5. d4 O-O-O 6. c4 Qf5 7. Be3 Bxf3
8. Bxf3 Nxd4 9. Bxd4 Qe6+ 10. Be2 Qe4 11. O-O Rxd4 12. Qa4 Qxe2 13. Qxa7 Qe5
14. Nc3 Nh6 15. Rfe1 Qf6 16. Nb5 e5 17. Nxd4 exd4 18. Qa8+ Kd7 19. Qe8+ Kd6 20.
b4 c5 21. Qb8+ Kc6 22. Qc8+ Kb6 23. bxc5+ Ka5 24. Qa8+ Qa6 25. Qd8+ Ka4 26.
Rab1 Bxc5 27. Qxh8 Nf5 28. Qe8+ Ka3 29. Rb3+ Kxa2 30. Reb1 d3 31. R1b2+ Ka1 32.
Qe1# 1-0

[Event "46. Villa de Mislata - Magistral 2012"]
[Site "Mislata ESP"]
[Date "2012.08.13"]
[Round "1.2"]
[White "Alcaraz Ortega, Javier"]
[Black "Garcia, Jhoel"]
[Result "1/2-1/2"]
[WhiteElo "2331"]
[BlackElo "2365"]
[PlyCount "95"]
[EventDate "2012.08.13"]
[EventType "tourn"]
[EventRounds "9"]
[EventCountry "ESP"]
[EventCategory "2"]
[Source "lmi"]
[SourceDate "2012.08.13"]

1. d4 Nf6 2. Nf3 e6 3. c4 Nc6 4. Nc3 Bb4 5. Qc2 d5 6. e3 O-O 7. Bd3 dxc4 8.
Bxc4 Qe7 9. O-O e5 10. Nd5 Nxd5 11. Bxd5 exd4 12. Bxc6 d3 13. Qxd3 bxc6 14. Qc4
a5 15. Rd1 Ba6 16. Qc2 Rad8 17. Bd2 Bd3 18. Bxb4 Bxc2 19. Bxe7 Bxd1 20. Bxd8
Rxd8 21. Nd4 Bg4 22. Rc1 Bd7 23. Kf1 Rb8 24. b3 Rb6 25. Ke2 Kf8 26. Rc5 a4 27.
bxa4 Rb4 28. Nb3 Be6 29. Rxc6 Rxa4 30. Rxc7 Rxa2+ 31. Nd2 g6 32. e4 h6 33. Rc3
Kg7 34. Ke3 Bg4 35. h3 Be6 36. Nf3 Ra1 37. Nd4 Kf6 38. g4 Rh1 39. Ke2 h5 40.
Nxe6 fxe6 41. f4 Rh2+ 42. Kf1 hxg4 43. hxg4 Rh4 44. e5+ Ke7 45. Rg3 g5 46. fxg5
Kf7 47. Kf2 Kg6 48. Kf3 1/2-1/2

[Event "46. Villa de Mislata - Magistral 2012"]
[Site "Mislata ESP"]
[Date "2012.08.13"]
[Round "1.3"]
[White "Matnadze, Ana"]
[Black "Ballester Llagaria, Luis Eduard"]
[Result "1/2-1/2"]
[WhiteElo "2422"]
[BlackElo "2203"]
[PlyCount "104"]
[EventDate "2012.08.13"]
[EventType "tourn"]
[EventRounds "9"]
[EventCountry "ESP"]
[EventCategory "2"]
[Source "lmi"]
[SourceDate "2012.08.13"]

1. d4 d5 2. Nf3 Nf6 3. g3 c6 4. Bg2 Bg4 5. O-O Nbd7 6. c4 e6 7. Nc3 Be7 8. Qb3
Qb6 9. c5 Qxb3 10. axb3 Bxf3 11. exf3 e5 12. dxe5 Nxe5 13. Rd1 Ned7 14. b4 O-O
15. Be3 a5 16. Rxa5 Rxa5 17. bxa5 Nxc5 18. b4 Ne6 19. Na2 d4 20. Bd2 Nc7 21.
Bf1 Nfd5 22. Rc1 Nb5 23. Bxb5 cxb5 24. Kf1 Re8 25. Be1 Kf8 26. h4 f5 27. Rd1
Bf6 28. Nc1 Rc8 29. Nd3 Be7 30. f4 Rc2 31. Ra1 Rc6 32. Ne5 Rc8 33. Rd1 Nxb4 34.
Rxd4 Rc1 35. Rd7 Nc2 36. Nd3 Ra1 37. Ke2 Nxe1 38. Nxe1 Rxa5 39. Rxb7 Kf7 40.
Nd3 Ke6 41. h5 h6 42. Ke3 Bf6 43. Rc7 Ra3 44. Rc6+ Kd7 45. Rc5 b4 46. Rxf5 b3
47. Rb5 b2 48. Kd2 Kc6 49. Rb8 Kc7 50. Rb5 Kc6 51. Rb8 Kc7 52. Rb5 Kc6 1/2-1/2

[Event "46. Villa de Mislata - Magistral 2012"]
[Site "Mislata ESP"]
[Date "2012.08.13"]
[Round "1.5"]
[White "Valmaña Canto, Jaime"]
[Black "Iagar, Razvan-Gabriel"]
[Result "1/2-1/2"]
[WhiteElo "2332"]
[BlackElo "2152"]
[PlyCount "63"]
[EventDate "2012.08.13"]
[EventType "tourn"]
[EventRounds "9"]
[EventCountry "ESP"]
[EventCategory "2"]
[Source "lmi"]
[SourceDate "2012.08.13"]

1. e4 e6 2. d4 d5 3. Nc3 Nf6 4. e5 Nfd7 5. f4 c5 6. Nf3 Nc6 7. Be3 a6 8. Qd2 b5
9. a3 Qb6 10. Ne2 b4 11. axb4 Qxb4 12. c3 Qb7 13. g4 h5 14. gxh5 Rxh5 15. Ng3
Rh8 16. Kf2 Be7 17. f5 cxd4 18. cxd4 Nf8 19. fxe6 Nxe6 20. Bg2 Rb8 21. Rhc1
Qxb2 22. Qxb2 Rxb2+ 23. Kg1 Kd7 24. Nf5 Bb7 25. Rab1 Rxb1 26. Rxb1 Rb8 27. Nd2
g6 28. Nxe7 Nxe7 29. Nc4 Kc7 30. Nd6 Bc6 31. Rf1 f5 32. exf6 1/2-1/2

[Event "46. Villa de Mislata - Magistral 2012"]
[Site "Mislata ESP"]
[Date "2012.08.14"]
[Round "2.1"]
[White "Palencia, Wilson"]
[Black "Iagar, Razvan-Gabriel"]
[Result "1/2-1/2"]
[WhiteElo "2289"]
[BlackElo "2152"]
[PlyCount "80"]
[EventDate "2012.08.13"]
[EventType "tourn"]
[EventRounds "9"]
[EventCountry "ESP"]
[EventCategory "2"]
[Source "lmi"]
[SourceDate "2012.08.13"]

1. e4 e6 2. d4 d5 3. Nc3 Nf6 4. Bg5 Be7 5. e5 Nfd7 6. Bxe7 Qxe7 7. f4 a6 8. Nf3
c5 9. dxc5 Nc6 10. Qd2 Qxc5 11. O-O-O b5 12. Ne2 Qb6 13. Ned4 Nc5 14. Nxc6 Qxc6
15. Nd4 Qb6 16. g4 Ne4 17. Qe1 Bb7 18. Qh4 Qd8 19. g5 Qa5 20. g6 Qxa2 21. gxf7+
Kxf7 22. Nb3 Rac8 23. Bd3 Qxb3 24. Rhg1 g6 25. f5 exf5 26. Bxe4 Qe3+ 27. Kb1
Qxe4 28. Qf6+ Kg8 29. Rxg6+ hxg6 30. Qxg6+ Kf8 31. Qf6+ Ke8 32. Qxh8+ Kd7 33.
Qg7+ Kd8 34. Qf8+ Kd7 35. Qf7+ Kd8 36. Rc1 Rc7 37. Qf8+ Kd7 38. Qd6+ Kc8 39.
Qf8+ Kd7 40. Qd6+ Kc8 1/2-1/2

[Event "46. Villa de Mislata - Magistral 2012"]
[Site "Mislata ESP"]
[Date "2012.08.14"]
[Round "2.2"]
[White "Navarrete Espi, Samuel"]
[Black "Valmaña Canto, Jaime"]
[Result "0-1"]
[WhiteElo "2176"]
[BlackElo "2332"]
[PlyCount "112"]
[EventDate "2012.08.13"]
[EventType "tourn"]
[EventRounds "9"]
[EventCountry "ESP"]
[EventCategory "2"]
[Source "lmi"]
[SourceDate "2012.08.13"]

1. e4 e6 2. d4 d5 3. Nc3 Bb4 4. e5 c5 5. a3 Bxc3+ 6. bxc3 Ne7 7. Qg4 cxd4 8.
Qxg7 Rg8 9. Qxh7 Qc7 10. Ne2 dxc3 11. f4 Nbc6 12. Qd3 Bd7 13. Rb1 O-O-O 14.
Nxc3 a6 15. Qxa6 Nb8 16. Qd3 Bc6 17. a4 d4 18. Nb5 Qa5+ 19. Bd2 Qxa4 20. Nd6+
Rxd6 21. exd6 Nf5 22. Qb3 Qa7 23. Qb6 Qxb6 24. Rxb6 Nd7 25. Rb3 Nc5 26. Ra3 Kd7
27. h4 Bxg2 28. Rg1 Nxh4 29. Bxg2 Rxg2 30. Rxg2 Nxg2+ 31. Ke2 Nh4 32. Rh3 Nf5
33. Rh7 Nxd6 34. Bb4 b6 35. Rh5 Kc6 36. Kf3 Kb5 37. Bd2 Kc4 38. Ke2 b5 39. Rh3
b4 40. Rh8 b3 41. cxb3+ Nxb3 42. Rd8 d3+ 43. Kd1 Ne4 44. Rc8+ Kd5 45. Rd8+ Kc6
46. Be3 Nc3+ 47. Ke1 Nd5 48. Rb8 Nxe3 49. Rxb3 Ng2+ 50. Kf2 Nxf4 51. Ke3 e5 52.
Ke4 f6 53. Kf5 Kc5 54. Kxf6 d2 55. Rb1 e4 56. Kf5 e3 0-1

[Event "46. Villa de Mislata - Magistral 2012"]
[Site "Mislata ESP"]
[Date "2012.08.14"]
[Round "2.3"]
[White "Ballester Llagaria, Luis Eduard"]
[Black "Garcia Martinez, Silvino"]
[Result "0-1"]
[WhiteElo "2203"]
[BlackElo "2319"]
[PlyCount "74"]
[EventDate "2012.08.13"]
[EventType "tourn"]
[EventRounds "9"]
[EventCountry "ESP"]
[EventCategory "2"]
[Source "lmi"]
[SourceDate "2012.08.13"]

1. e4 e6 2. d4 d5 3. Bd3 dxe4 4. Bxe4 Nf6 5. Bf3 c5 6. Ne2 Nc6 7. Be3 Nd5 8.
Bxd5 Qxd5 9. Nbc3 Qd7 10. dxc5 Ne5 11. Ne4 Nc4 12. b3 Nxe3 13. fxe3 Qc6 14.
Nd6+ Ke7 15. O-O f6 16. b4 e5 17. Nc3 Be6 18. e4 b6 19. Nd5+ Kd8 20. Kh1 bxc5
21. Nf5 Bd7 22. Rf3 cxb4 23. c3 Rc8 24. cxb4 Qc2 25. Qe1 Ke8 26. Ra3 Be6 27.
Rd1 Bxd5 28. Nxg7+ Bxg7 29. exd5 Bf8 30. d6 Rd8 31. Rad3 Rg8 32. R3d2 Qc4 33.
Qg1 Rg6 34. Qxa7 Rd7 35. Qb8+ Kf7 36. Qb6 e4 37. b5 f5 0-1

[Event "46. Villa de Mislata - Magistral 2012"]
[Site "Mislata ESP"]
[Date "2012.08.14"]
[Round "2.4"]
[White "Garcia, Jhoel"]
[Black "Matnadze, Ana"]
[Result "1-0"]
[WhiteElo "2365"]
[BlackElo "2422"]
[PlyCount "39"]
[EventDate "2012.08.13"]
[EventType "tourn"]
[EventRounds "9"]
[EventCountry "ESP"]
[EventCategory "2"]
[Source "lmi"]
[SourceDate "2012.08.13"]

1. c4 Nf6 2. Nc3 e6 3. d4 Bb4 4. Qc2 d5 5. Nf3 Nc6 6. e3 O-O 7. a3 Bxc3+ 8.
Qxc3 Ne4 9. Qc2 a5 10. b3 f5 11. Ne5 Nxe5 12. dxe5 b6 13. Be2 Bb7 14. O-O Nc5
15. Bb2 dxc4 16. Bxc4 f4 17. exf4 Rxf4 18. f3 Qe8 19. Bc1 Rf5 20. Qxf5 1-0

[Event "46. Villa de Mislata - Magistral 2012"]
[Site "Mislata ESP"]
[Date "2012.08.14"]
[Round "2.5"]
[White "Castella Garcia, Fausto"]
[Black "Alcaraz Ortega, Javier"]
[Result "0-1"]
[WhiteElo "2329"]
[BlackElo "2331"]
[PlyCount "120"]
[EventDate "2012.08.13"]
[EventType "tourn"]
[EventRounds "9"]
[EventCountry "ESP"]
[EventCategory "2"]
[Source "lmi"]
[SourceDate "2012.08.13"]

1. e4 d5 2. exd5 Qxd5 3. Nf3 Bg4 4. Be2 Nc6 5. d4 O-O-O 6. c4 Qf5 7. Be3 Bxf3
8. Bxf3 Nxd4 9. Bxd4 Qe6+ 10. Be2 Qe4 11. O-O Qxd4 12. Qa4 Nf6 13. Nc3 e6 14.
Nb5 Qb6 15. Nxa7+ Kb8 16. Nb5 c6 17. Nc3 Rd2 18. c5 Qxc5 19. Qf4+ Qd6 20. Qe3
Be7 21. b4 Qd4 22. Qxd4 Rxd4 23. b5 Bb4 24. Rfc1 Bxc3 25. Rxc3 cxb5 26. Bxb5
Rhd8 27. Kf1 Ne4 28. Re3 R8d5 29. a4 Rc5 30. Rae1 Nd6 31. Rb1 Rc2 32. Be2 Rxa4
33. Bd1 Raa2 34. Bxc2 Rxc2 35. Rd3 Ne4 36. Rb4 Rxf2+ 37. Ke1 Nc5 38. Rc3 Rf5
39. Ke2 Kc7 40. Ra4 Kb8 41. Ra1 Rd5 42. Rca3 Na6 43. Rb1 Nc7 44. Rh3 h5 45. Rf1
f6 46. Rg3 Ne8 47. Rh3 Kc7 48. Rc1+ Kd7 49. Rb3 Nd6 50. Rbc3 Nb5 51. Rc8 Nd4+
52. Kf2 Nc6 53. Rg8 g5 54. Rg7+ Ne7 55. Rb1 b5 56. Ra1 Kd6 57. Ra7 Nf5 58.
Rgd7+ Ke5 59. Rxd5+ Kxd5 60. Ke2 Ke4 0-1

[Event "46. Villa de Mislata - Magistral 2012"]
[Site "Mislata ESP"]
[Date "2012.08.14"]
[Round "3.1"]
[White "Alcaraz Ortega, Javier"]
[Black "Palencia, Wilson"]
[Result "0-1"]
[WhiteElo "2331"]
[BlackElo "2289"]
[PlyCount "90"]
[EventDate "2012.08.13"]
[EventType "tourn"]
[EventRounds "9"]
[EventCountry "ESP"]
[EventCategory "2"]
[Source "lmi"]
[SourceDate "2012.08.13"]

1. d4 c6 2. Nf3 Nf6 3. Bf4 Qb6 4. Qc1 d6 5. c4 Bg4 6. Nbd2 Nbd7 7. h3 Bxf3 8.
Nxf3 e5 9. dxe5 dxe5 10. Be3 Bc5 11. Bxc5 Nxc5 12. e3 O-O-O 13. Be2 Qa5+ 14.
Qc3 Qxc3+ 15. bxc3 Rhe8 16. Nd2 Nfe4 17. Nxe4 Nxe4 18. Rc1 Rd6 19. Bf3 Nc5 20.
Be2 Red8 21. Rc2 Kc7 22. O-O Rd2 23. Rfc1 Rxc2 24. Rxc2 Na4 25. f4 e4 26. Kf2
Kb6 27. f5 Kc5 28. Kg3 Nb6 29. Kf4 Nxc4 30. Bxc4 Kxc4 31. Kxe4 Re8+ 32. Kf3 Kd3
33. Re2 Kxc3 34. e4 f6 35. g4 c5 36. e5 fxe5 37. Ke4 c4 38. g5 b5 39. f6 gxf6
40. gxf6 b4 41. Rf2 b3 42. axb3 Kxb3 43. f7 Rf8 44. Kxe5 c3 45. Kf6 c2 0-1

[Event "46. Villa de Mislata - Magistral 2012"]
[Site "Mislata ESP"]
[Date "2012.08.14"]
[Round "3.2"]
[White "Matnadze, Ana"]
[Black "Castella Garcia, Fausto"]
[Result "1-0"]
[WhiteElo "2422"]
[BlackElo "2329"]
[PlyCount "77"]
[EventDate "2012.08.13"]
[EventType "tourn"]
[EventRounds "9"]
[EventCountry "ESP"]
[EventCategory "2"]
[Source "lmi"]
[SourceDate "2012.08.13"]

1. d4 Nf6 2. Nf3 g6 3. g3 Bg7 4. Bg2 c5 5. e3 O-O 6. O-O d6 7. c4 Nc6 8. Nc3
Bg4 9. h3 Bxf3 10. Bxf3 cxd4 11. exd4 Qb6 12. Be3 Qxb2 13. Na4 Qb4 14. c5 Qa5
15. Rb1 Rab8 16. cxd6 exd6 17. Bf4 Qd8 18. Nc5 Ne8 19. Bxc6 bxc6 20. Rxb8 Qxb8
21. Nd7 Qc8 22. Nxf8 Qxh3 23. Qf3 Bxf8 24. Qxc6 Nf6 25. Rb1 Ng4 26. Qg2 Qh5 27.
Rb8 Kg7 28. f3 Nf6 29. Qh1 Be7 30. Qxh5 Nxh5 31. Re8 Bf6 32. Bxd6 Bxd4+ 33. Kg2
Kf6 34. g4 Ng7 35. Re4 Ne6 36. f4 Bc3 37. Rc4 Bd2 38. Be5+ Ke7 39. f5 1-0

[Event "46. Villa de Mislata - Magistral 2012"]
[Site "Mislata ESP"]
[Date "2012.08.14"]
[Round "3.5"]
[White "Iagar, Razvan-Gabriel"]
[Black "Navarrete Espi, Samuel"]
[Result "1/2-1/2"]
[WhiteElo "2152"]
[BlackElo "2176"]
[PlyCount "49"]
[EventDate "2012.08.13"]
[EventType "tourn"]
[EventRounds "9"]
[EventCountry "ESP"]
[EventCategory "2"]
[Source "lmi"]
[SourceDate "2012.08.13"]

1. Nf3 Nf6 2. c4 g6 3. Nc3 Bg7 4. d4 O-O 5. e4 d6 6. h3 e5 7. dxe5 dxe5 8. Qxd8
Rxd8 9. Bg5 Re8 10. Nd5 Nxd5 11. cxd5 c6 12. Bc4 b5 13. Bb3 a5 14. a4 Ba6 15.
Kd2 Bf8 16. Rhc1 Bb4+ 17. Kd1 c5 18. Bd2 Nd7 19. Bxb4 axb4 20. axb5 Bxb5 21.
Nd2 f5 22. f3 fxe4 23. fxe4 Rxa1 24. Rxa1 Rc8 25. Ke1 1/2-1/2

[Event "46. Villa de Mislata - Magistral 2012"]
[Site "Mislata ESP"]
[Date "2012.08.15"]
[Round "4.1"]
[White "Palencia, Wilson"]
[Black "Navarrete Espi, Samuel"]
[Result "0-1"]
[WhiteElo "2289"]
[BlackElo "2176"]
[PlyCount "124"]
[EventDate "2012.08.13"]
[EventType "tourn"]
[EventRounds "9"]
[EventCountry "ESP"]
[EventCategory "2"]
[Source "lmi"]
[SourceDate "2012.08.13"]

1. d4 Nf6 2. Nc3 d5 3. Bg5 c6 4. Nf3 Nbd7 5. e3 g6 6. Bd3 Bg7 7. O-O O-O 8. h3
Re8 9. Bf4 Nh5 10. Bh2 e5 11. g4 e4 12. gxh5 Nf6 13. hxg6 hxg6 14. Kg2 Nh7 15.
Ng1 exd3 16. cxd3 g5 17. Qd2 Re6 18. f3 Rh6 19. Nd1 f5 20. Nf2 Qe8 21. Rfe1 Qh5
22. Bg3 Bd7 23. Qb4 b6 24. e4 dxe4 25. dxe4 f4 26. Bh2 Nf6 27. Qb3+ Kh8 28. d5
g4 29. fxg4 Nxg4 30. Nxg4 f3+ 31. Qxf3 Bxg4 32. Qd3 Rg6 33. Kh1 Bxb2 34. Rab1
Be5 35. Bxe5+ Qxe5 36. Re3 Qg5 37. Rg3 Bf3+ 38. Qxf3 Qxg3 39. Qxg3 Rxg3 40.
dxc6 Rag8 41. Re1 Kg7 42. Kh2 Rg6 43. e5 Kf7 44. Rf1+ Ke7 45. Nf3 Rg2+ 46. Kh1
Rxa2 47. Nh4 Rg5 48. Nf5+ Ke6 49. Nd4+ Kd5 50. Rd1 Rh5 51. e6 Rxh3+ 52. Kg1 Kd6
53. Re1 Rg3+ 54. Kf1 Rgg2 55. Nf5+ Kxc6 56. Rc1+ Rgc2 57. Re1 Rf2+ 58. Kg1 Rg2+
59. Kh1 Rh2+ 60. Kg1 Rag2+ 61. Kf1 Rh1+ 62. Kxg2 Rxe1 0-1

[Event "46. Villa de Mislata - Magistral 2012"]
[Site "Mislata ESP"]
[Date "2012.08.15"]
[Round "4.2"]
[White "Ballester Llagaria, Luis Eduard"]
[Black "Iagar, Razvan-Gabriel"]
[Result "1/2-1/2"]
[WhiteElo "2203"]
[BlackElo "2152"]
[PlyCount "134"]
[EventDate "2012.08.13"]
[EventType "tourn"]
[EventRounds "9"]
[EventCountry "ESP"]
[EventCategory "2"]
[Source "lmi"]
[SourceDate "2012.08.13"]

1. e4 e6 2. d3 c5 3. g3 Nc6 4. Bg2 g6 5. Nc3 Bg7 6. Be3 d6 7. Qd2 Rb8 8. Nge2
a6 9. O-O b5 10. Rae1 b4 11. Nd1 Nd4 12. Nc1 Ne7 13. c3 bxc3 14. bxc3 Ndc6 15.
Bh6 O-O 16. Bxg7 Kxg7 17. Ne3 Bd7 18. h4 h5 19. Ne2 e5 20. f4 f5 21. Rd1 Qc7
22. d4 cxd4 23. cxd4 Qa7 24. Kh1 fxe4 25. dxe5 dxe5 26. Qc3 Be6 27. fxe5 Rfc8
28. Nf4 Nd8 29. Qa3 Bxa2 30. Qxa2 Qxe3 31. Rd7 Ndc6 32. Qe6 Qxg3 33. Rxe7+ Nxe7
34. Qxe7+ Kh6 35. Ne6 Qxe5 36. Rf7 Rc1+ 37. Bf1 Rxf1+ 38. Rxf1 e3 39. Qg5+ Qxg5
40. hxg5+ Kh7 41. Re1 Rb3 42. Kg2 Kg8 43. Kf3 Kf7 44. Nc5 Rb5 45. Ne4 Rb3 46.
Rc1 Ra3 47. Rc6 Kg7 48. Rc7+ Kf8 49. Nc5 Ke8 50. Rg7 Ra5 51. Ne4 Ra3 52. Rxg6
h4 53. Rh6 h3 54. g6 Kf8 55. Rh7 h2 56. Rxh2 e2+ 57. Kxe2 Ra2+ 58. Nd2 Kg7 59.
Rg2 Rb2 60. Kd3 Rb6 61. Nc4 Rxg6 62. Ra2 Re6 63. Kd4 Rg6 64. Kc5 Re6 65. Nb6
Re1 66. Nc4 Kf6 67. Rxa6+ Kf5 1/2-1/2

[Event "46. Villa de Mislata - Magistral 2012"]
[Site "Mislata ESP"]
[Date "2012.08.15"]
[Round "4.3"]
[White "Garcia, Jhoel"]
[Black "Valmaña Canto, Jaime"]
[Result "0-1"]
[WhiteElo "2365"]
[BlackElo "2332"]
[PlyCount "118"]
[EventDate "2012.08.13"]
[EventType "tourn"]
[EventRounds "9"]
[EventCountry "ESP"]
[EventCategory "2"]
[Source "lmi"]
[SourceDate "2012.08.13"]

1. c4 g6 2. Nf3 Bg7 3. Nc3 c5 4. d4 cxd4 5. Nxd4 Nc6 6. Nc2 Nf6 7. e4 O-O 8.
Be2 d6 9. O-O Be6 10. Ne3 Rc8 11. Rb1 a6 12. b3 Qa5 13. Bd2 Qc5 14. Ned5 b5 15.
b4 Qa7 16. cxb5 axb5 17. Nxb5 Qb7 18. Nxf6+ Bxf6 19. Nc3 Nd4 20. Bd3 Nf3+ 21.
Qxf3 Bxc3 22. Bxc3 Rxc3 23. Qe2 Ra8 24. Rb2 Raa3 25. Bb5 h5 26. h3 d5 27. e5 d4
28. Rd1 Bxh3 29. f3 Bxg2 30. Qxg2 Qxb5 31. e6 Rxf3 32. Rb3 Raxb3 33. axb3 Qd5
34. exf7+ Kxf7 35. Rf1 Rxf1+ 36. Qxf1+ Kg7 37. Qd3 e5 38. b5 e4 39. Qc4 Qg5+
40. Kh1 Qh4+ 41. Kg1 Qg3+ 42. Kh1 Qf3+ 43. Kg1 d3 44. Qd4+ Kh7 45. Qf2 Qg4+ 46.
Kh2 Qe2 47. Kg1 Qd1+ 48. Kh2 Qxb3 49. Qa7+ Kh6 50. Qe3+ Kg7 51. Qd4+ Kf7 52.
Qd7+ Kf6 53. Qd4+ Kf5 54. Qc5+ Kf4 55. Qf2+ Ke5 56. Qg3+ Kd4 57. Qd6+ Kc3 58.
Qc5+ Qc4 59. Qa3+ Kc2 0-1

[Event "46. Villa de Mislata - Magistral 2012"]
[Site "Mislata ESP"]
[Date "2012.08.15"]
[Round "4.4"]
[White "Castella Garcia, Fausto"]
[Black "Garcia Martinez, Silvino"]
[Result "0-1"]
[WhiteElo "2329"]
[BlackElo "2319"]
[PlyCount "67"]
[EventDate "2012.08.13"]
[EventType "tourn"]
[EventRounds "9"]
[EventCountry "ESP"]
[EventCategory "2"]
[Source "lmi"]
[SourceDate "2012.08.13"]

1. e4 c5 2. Nf3 d6 3. d4 cxd4 4. Nxd4 Nf6 5. Nc3 a6 6. Bg5 e6 7. f4 Be7 8. Qf3
Qc7 9. O-O-O Nbd7 10. g4 b5 11. Bxf6 Nxf6 12. g5 Nd7 13. h4 b4 14. Nce2 Bb7 15.
Ng3 Rc8 16. Rh2 d5 17. e5 Qb6 18. Kb1 Bc5 19. Rhd2 g6 20. h5 Bxd4 21. Rxd4 a5
22. Qh1 Nc5 23. hxg6 fxg6 24. Qh3 O-O 25. R1d2 Rf7 26. Bg2 a4 27. f5 exf5 28.
Bxd5 Bxd5 29. Rxd5 Ne6 30. Rd6 Qe3 31. Qg2 Nf4 32. Qh2 Qxe5 33. Ne2 Nd3 34. Nd4
0-1

[Event "46. Villa de Mislata - Magistral 2012"]
[Site "Mislata ESP"]
[Date "2012.08.15"]
[Round "4.5"]
[White "Alcaraz Ortega, Javier"]
[Black "Matnadze, Ana"]
[Result "1-0"]
[WhiteElo "2331"]
[BlackElo "2422"]
[PlyCount "81"]
[EventDate "2012.08.13"]
[EventType "tourn"]
[EventRounds "9"]
[EventCountry "ESP"]
[EventCategory "2"]
[Source "lmi"]
[SourceDate "2012.08.13"]

1. d4 d5 2. Bf4 g6 3. e3 Bg7 4. Nf3 Nf6 5. h3 O-O 6. Nbd2 Ne8 7. c4 c5 8. cxd5
cxd4 9. e4 e6 10. Bc4 exd5 11. Bxd5 Nc6 12. O-O Be6 13. Bxc6 bxc6 14. Qa4 c5
15. Rac1 Qb6 16. Ne1 Rc8 17. Nd3 Nf6 18. Rfe1 Nd7 19. Nc4 Bxc4 20. Rxc4 Qe6 21.
Qc2 Nb6 22. Rxc5 Rxc5 23. Qxc5 Qxa2 24. e5 Rd8 25. Qe7 Rf8 26. Qc5 Qa4 27. b4
Qd7 28. Re4 Rd8 29. Qd6 Qc8 30. Qc5 Qa6 31. Qe7 Rf8 32. Nc5 Qa1+ 33. Kh2 Nd5
34. Qd6 Nxf4 35. Rxf4 Re8 36. Qd5 Rf8 37. e6 g5 38. Rxf7 Re8 39. Rxg7+ Kxg7 40.
Qxg5+ Kh8 41. Qf6+ 1-0

[Event "46. Villa de Mislata - Magistral 2012"]
[Site "Mislata ESP"]
[Date "2012.08.16"]
[Round "5.1"]
[White "Matnadze, Ana"]
[Black "Palencia, Wilson"]
[Result "1-0"]
[WhiteElo "2422"]
[BlackElo "2289"]
[PlyCount "109"]
[EventDate "2012.08.13"]
[EventType "tourn"]
[EventRounds "9"]
[EventCountry "ESP"]
[EventCategory "2"]
[Source "lmi"]
[SourceDate "2012.08.13"]

1. d4 c5 2. e3 g6 3. g3 Bg7 4. Bg2 Qb6 5. Ne2 h5 6. h3 Nc6 7. dxc5 Qxc5 8. Nbc3
Nf6 9. e4 d6 10. Be3 Qa5 11. Qd2 Ne5 12. b3 Bd7 13. f4 Nc6 14. Rd1 Rc8 15. O-O
O-O 16. a4 Rfd8 17. Nd5 Qxd2 18. Rxd2 b6 19. Nxf6+ Bxf6 20. Rfd1 Be8 21. h4 Bg7
22. Bh3 Bd7 23. Bxd7 Rxd7 24. e5 Bf8 25. c4 Rdd8 26. exd6 exd6 27. Nc3 Ne7 28.
Rd3 Nf5 29. Bf2 Rd7 30. Nd5 Rb7 31. Re1 Rcb8 32. Re2 Ra8 33. Kg2 Rab8 34. Kf3
Ra8 35. Rd1 Rab8 36. g4 hxg4+ 37. Kxg4 Nh6+ 38. Kf3 f5 39. Re6 Kf7 40. Rf6+ Kg7
41. Bd4 Kh7 42. Re6 Ng4 43. h5 gxh5 44. Rh1 Kg8 45. Rxh5 Kf7 46. Re1 Nh6 47.
Reh1 Kg6 48. Rg5+ Kf7 49. Ne3 Re7 50. Nxf5 Nxf5 51. Rxf5+ Ke6 52. Rf6+ Kd7 53.
Rh8 Ree8 54. Rf7+ Be7 55. Rhh7 1-0

[Event "46. Villa de Mislata - Magistral 2012"]
[Site "Mislata ESP"]
[Date "2012.08.16"]
[Round "5.3"]
[White "Valmaña Canto, Jaime"]
[Black "Castella Garcia, Fausto"]
[Result "1/2-1/2"]
[WhiteElo "2332"]
[BlackElo "2329"]
[PlyCount "120"]
[EventDate "2012.08.13"]
[EventType "tourn"]
[EventRounds "9"]
[EventCountry "ESP"]
[EventCategory "2"]
[Source "lmi"]
[SourceDate "2012.08.13"]

1. e4 c5 2. c3 d5 3. exd5 Qxd5 4. d4 Nc6 5. Nf3 Bg4 6. Be2 cxd4 7. cxd4 e6 8.
O-O Nf6 9. Nc3 Qa5 10. h3 Bh5 11. Be3 Be7 12. a3 O-O 13. b4 Qd8 14. Qb3 Nd5 15.
Ne4 Bg6 16. Nc5 b6 17. Nd3 Bd6 18. Rac1 Nce7 19. Nde5 Be4 20. Bd2 f6 21. Nc4
Bc7 22. Rfe1 Nf4 23. Bxf4 Bxf4 24. Ne3 Nd5 25. Nd2 Bg6 26. Bf3 Bf7 27. Rcd1 Rc8
28. Nxd5 exd5 29. Nf1 Qd7 30. Bg4 f5 31. Bf3 Rfe8 32. Ne3 Rcd8 33. Qd3 g6 34.
g3 Bb8 35. Ng2 h5 36. Qd2 Kh7 37. Qg5 Bd6 38. h4 Be7 39. Qd2 Bf6 40. Nf4 Qd6
41. Nh3 Kg7 42. Bg2 a5 43. Rxe8 Rxe8 44. bxa5 bxa5 45. Qxa5 Re2 46. Nf4 Ra2 47.
Qb4 Qc6 48. Qb3 Qc4 49. Qb7 Qc2 50. Rf1 Qb2 51. Ne6+ Kg8 52. Qc8+ Kh7 53. Qd7
Kg8 54. Bxd5 Rxa3 55. Ng5 Rxg3+ 56. fxg3 Qxd4+ 57. Kh2 Bxd5 58. Qe8+ Kg7 59.
Qd7+ Kg8 60. Qe8+ Kg7 1/2-1/2

[Event "46. Villa de Mislata - Magistral 2012"]
[Site "Mislata ESP"]
[Date "2012.08.16"]
[Round "6.2"]
[White "Garcia, Jhoel"]
[Black "Navarrete Espi, Samuel"]
[Result "1/2-1/2"]
[WhiteElo "2365"]
[BlackElo "2176"]
[PlyCount "51"]
[EventDate "2012.08.13"]
[EventType "tourn"]
[EventRounds "9"]
[EventCountry "ESP"]
[EventCategory "2"]
[Source "lmi"]
[SourceDate "2012.08.13"]

1. e4 e5 2. Nf3 Nc6 3. Bb5 a6 4. Ba4 f5 5. d3 fxe4 6. dxe4 Nf6 7. Qe2 d6 8. h3
Be7 9. Nc3 O-O 10. Be3 Kh8 11. O-O-O b5 12. Bb3 b4 13. Nd5 Bd7 14. Nxf6 Bxf6
15. Bd5 Rb8 16. h4 Ne7 17. Ng5 Qe8 18. Bb3 a5 19. Ne6 Bxe6 20. Bxe6 Nc6 21. Bd5
Nd4 22. Qd3 a4 23. c3 bxc3 24. bxc3 Nb5 25. Kd2 Na3 26. Ke1 1/2-1/2

[Event "46. Villa de Mislata - Magistral 2012"]
[Site "Mislata ESP"]
[Date "2012.08.16"]
[Round "6.3"]
[White "Castella Garcia, Fausto"]
[Black "Iagar, Razvan-Gabriel"]
[Result "1-0"]
[WhiteElo "2329"]
[BlackElo "2152"]
[PlyCount "34"]
[EventDate "2012.08.13"]
[EventType "tourn"]
[EventRounds "9"]
[EventCountry "ESP"]
[EventCategory "2"]
[Source "lmi"]
[SourceDate "2012.08.13"]

1. e4 e6 2. Nf3 d5 3. e5 c5 4. b4 cxb4 5. d4 Nc6 6. a3 Bd7 7. axb4 Bxb4+ 8. c3
Be7 9. Bd3 Rc8 10. h4 a6 11. Ng5 g6 12. h5 Bxg5 13. hxg6 fxg6 14. Bxg6+ hxg6
15. Rxh8 Kf8 16. Qf3+ Kg7 17. Qh3 Bh6 1-0

[Event "46. Villa de Mislata - Magistral 2012"]
[Site "Mislata ESP"]
[Date "2012.08.16"]
[Round "6.5"]
[White "Matnadze, Ana"]
[Black "Garcia Martinez, Silvino"]
[Result "1/2-1/2"]
[WhiteElo "2422"]
[BlackElo "2319"]
[PlyCount "30"]
[EventDate "2012.08.13"]
[EventType "tourn"]
[EventRounds "9"]
[EventCountry "ESP"]
[EventCategory "2"]
[Source "lmi"]
[SourceDate "2012.08.13"]

1. d4 Nf6 2. g3 d5 3. Bg2 c6 4. Nf3 Bf5 5. O-O e6 6. c4 h6 7. Nc3 Be7 8. Nd2
O-O 9. e4 dxe4 10. Ndxe4 Nxe4 11. Nxe4 Nd7 12. Be3 Nf6 13. Nxf6+ Bxf6 14. Qd2
Qd7 15. Rad1 Rfd8 1/2-1/2